00532nam a2200193 a 4500001001300000003000900013005001700022008004100039020001000080082001300090100001900103245006600122260004400188300000900232500003500241505001000276650003300286700001900319nice12345678IN_TiNIC20260116011350.0050524s1952 luca grp 000 0 eng  ac10000a201bSUB aSubhan, John A aHow a Sufi Found His Lordb an Autobiography of John a Subhan aLucknowbLucknow Publishing Housec1952 a107p aincludes index and biblioraphy2 aIndex aSubhan, John.A-Autobiography1 aSubhan, John A